| 000 | 01318cam a2200325 a 4500 | ||
|---|---|---|---|
| 001 | 2015935 | ||
| 003 | NUST-PNEC | ||
| 005 | 20170116180720.0 | ||
| 008 | 910923s1992 nyua be 000 0 eng | ||
| 010 | _a 91036349 | ||
| 020 | _a0079092063 (set) | ||
| 040 | _cPNEC | ||
| 050 | 0 | 0 |
_aQ121 _b.M3 1992 |
| 082 | 0 | 0 |
_a503 MCG _220 |
| 100 |
_9815 _aMcgraw-Hill |
||
| 245 | 0 | 0 |
_aMcGraw-Hill encyclopedia of science & technology Vol-19 _ban international reference work in twenty volumes including an index. |
| 246 | 3 | 0 | _aEncyclopedia of science & technology |
| 246 | 3 | _aMcGraw-Hill encyclopedia of science and technology | |
| 246 | 3 | _aEncyclopedia of science and technology | |
| 250 | _a7th ed. | ||
| 260 |
_aNew York : _bMcGraw-Hill, _cc1992. |
||
| 300 |
_a650 p. : _bill. (some col.) ; _c29 cm. |
||
| 500 | _ahttp://www.amazon.com/McGraw-Hill-Encyclopedia-Science-Technology-Parker/dp/0079092063/ref=sr_1_1?s=books&ie=UTF8&qid=1414216367&sr=1-1&keywords=0079092063 | ||
| 504 | _aIncludes bibliographical references and index. | ||
| 650 | 0 |
_aScience _xEncyclopedias. |
|
| 650 | 0 |
_aTechnology _xEncyclopedias. _xGeneral |
|
| 906 |
_a7 _bcbc _corignew _d1 _eocip _f19 _gy-gencatlg |
||
| 942 |
_2ddc _cBK |
||
| 999 |
_c61359 _d61359 |
||